Statistics for Trace the Route of Vasco da Gama on a Map!

Click here to take the quiz!

General Stats

  • This quiz has been taken 5,712 times
    (5,560 since last reset)
  • The average score is 6 of 7

Answers on the Map

Answers color-coded by a green-red scale on the quiz's map according to % correct below.
 

Answer Stats

Countries% Correct
Portugal
100%
Canary Islands (Spain)
93%
India
91%
South Africa
91%
Cape Verde
90%
Kenya
90%
Mozambique
90%

Score Distribution

Percentile by Number Answered

Percent of People with Each Score

Your Score History

You have not taken this quiz since the last reset